000 02151nam a2200541 i 4500
001 56022
003 KOSZ 005
005 20210428102452.0
008 081204s2008 pl a f f |001 0 pol
015 _aPB 2008/30337
020 _a9788301154943
040 _aWA N
_cWA N
_dKOSZ 005/HR
041 1 _apol
_heng
046 _k2008
080 _a575.112:004
080 _a577.2
080 _a575.8
080 _a(075.8)
100 1 _aHiggs, Paul G.
_eAutor
245 1 0 _aBioinformatyka i ewolucja molekularna /
_cPaul G. Higgs, Teresa K. Attwood ; red. nauk. przekł. Krzysztof Murzyn ; z jęz. ang. przeł. Krzysztof Murzyn, Piotr Liguziński, Marcin Kurdziel.
246 1 _iTyt. oryg.:
_aBioinformatics and molecular evolution.
260 _aWarszawa :
_bWydawnictwo Naukowe PWN,
_c2008.
300 _aX, 531, [1] s. :
_bil. ;
_c24 cm.
336 _2rdacontent
_aTekst
_btxt
337 _2rdamedia
_aBez urządzenia pośredniczącego
_bn
338 _2rdacarrier
_aWolumin
_bnc
380 _aKsiążki
380 _aPublikacje dydaktyczne
388 _a2001-
490 1 _aInformatyka - Zatosowania
500 _aTyt. oryg.: "Bioinformatics and molecular evolution" 2005.
504 _aBibliogr. przy rozdz. Indeks.
521 8 _aPodręcznik dla studentów i wykładowców bioinformatyki, biologii molekularnej, biochemii, biotechnologii, nauk medycznych, matematyki stosowanej, statystyki, fizyki i chemii oraz pracowników naukowych.
650 4 _aBiologia molekularna
650 4 _aEwolucja
650 4 _aBioinformatyka
655 4 _aPodręczniki akademickie
658 _aBiologia
658 _aInformatyka i technologie informacyjne
700 1 _aAttwood, Teresa K.
_eAutor
700 1 _aMurzyn, Krzysztof
_eTłumaczenie
700 1 _aLiguziński, Piotr
_eTłumaczenie
700 1 _aKurdziel, Marcin
_eTłumaczenie
710 2 _aWydawnictwo Naukowe PWN
_4pbl.
830 0 _aInformatyka Zastosowania
856 _uhttp://koha.tu.koszalin.pl/cgi-bin/koha/opac-detail.pl?biblionumber=56022
_yKatalog online BPK
942 _2UKD
_cKS
999 _c56022
_d56022